000 00558nam a22001937a 4500
999 _c196564
_d196564
005 20230717114519.0
010 _aUR-12069
020 _a9789383239405
_c300.00
035 _aU-10624
037 _bDBAD/PUB
082 _aک
100 _aنکہت افلا ک
245 _aناچیز /
_cنکہت افلا ک
246 _aNacheez /
_bby Nikhat Aflak
260 _aNew Delhi
_bApplied Books
_c2016 ء
270 _a1739/10, New Kohinoor Hotel, Pataudi House, Darya Ganj
_bNew Delhi
_e2
300 _a192 ص
_c22cm(Hb)
942 _2ddc
_cUR
_hک
_mن ک ت